| Поле | Инд. | ПП | Название | Значение |
|---|---|---|---|---|
| Тип записи | a | |||
| Библиографический уровень | m | |||
| 001 | Контрольный номер | RU/LIBMSTU/435766202 | ||
| 005 | Дата корректировки | 20140506151813.6 | ||
| 008 | Кодируемые данные | 131022|||||||||ru |||||||||||000|||rus|| | ||
| 020 | a | ISBN | 978-5-17-062544-4 | |
| 020 | a | ISBN | 978-5-266-01565-6 (ВКТ) | |
| 040 | b | Код языка каталог. | rus | |
| 041 | 0_ | a | Код языка текста | rus |
| 084 | a | Индекс другой классификации/Индекс ББК | 28.707+5 | |
| 090 | a | Полочн. индекс | 28.7 | |
| x | Авторский знак | Б 55 | ||
| 100 | 1_ | a | Автор | Бехтерева Н. П. |
| 245 | 10 | a | Заглавие | Здоровый и больной мозг человека |
| 260 | a | Место издания | Москва | |
| b | Издательство | АСТ | ||
| 260 | a | Место издания | Санкт-Петербург | |
| b | Издательство | Сова | ||
| 260 | a | Место издания | Владимир | |
| b | Издательство | ВКТ | ||
| c | Дата издания | 2010 | ||
| 300 | a | Объем | 399 с. | |
| b | Иллюстрации/ тип воспроизводства | ил. | ||
| 504 | a | Библиография | Библиогр.: с. 393-397 | |
| 650 | a | Основная рубрика | Головной мозг-Физиология | |
| 650 | 14 | a | Основная рубрика | Головной мозг-Болезни |
| 653 | a | Ключевые слова | Болезни головного мозга; Головной мозг; Мозг человека; Нейрофизиология; Нейрофизиология мышления; Нейрофизиология человека; Патология мозга; Физиология головного мозга | |
| 901 | t | Тип документа | m |